| 000 | 00910nam a2200241 i 4500 | ||
|---|---|---|---|
| 001 | bg | ||
| 245 | 0 | 0 |
_aSłownik biograficzny techników polskich. / _c[red. nacz. Zbigniew Skoczyński] ; Federacja Stowarzyszeń Naukowo-Technicznych _nZ. 11. |
| 260 |
_aWarszawa : _bFSN-T, _c2000. |
||
| 300 |
_a209, [5] s. ; _c22 cm. |
||
| 504 | _aBibliogr. przy hasłach - Indeks. | ||
| 650 | 9 |
_aInżynierowie _xbiografie _zPolska _y19-20 w. |
|
| 650 | 9 |
_aPracownicy naukowi _xbiografie _zPolska _y19-20 w. |
|
| 700 | 1 |
_aSKOCZYŃSKI, Zbigniew. _eRed. |
|
| 710 | 0 | _aFederacja Stowarzyszeń Naukowo-Technicznych NOT | |
| 020 | _a8385001328 (całość) | ||
| 040 | _cBPK | ||
| 041 | 0 | _apol | |
| 080 | _a62:929-052](438)"18/19" | ||
| 920 | _a83-85001-32-8 (całość) | ||
| 942 | _cKS | ||
| 008 | s pl f |000 0 pol | ||
| 999 |
_c42547 _d42547 |
||
| 856 |
_uhttp://koha.tu.koszalin.pl/cgi-bin/koha/opac-detail.pl?biblionumber=42547 _yKatalog online BPK |
||